000 00502nam a2200181 4500
003 SEACOMMC
005 20250429140222.0
008 241227b |||||||| |||| 00| 0 eng d
020 _a 978-93-5097-380-6
_cRs.250.00
040 _aSEACOMMC
082 _a 658.8
_bC 559
100 _a Chunawalla, S.A
245 1 _aMarketing Principles and Practice
_cS.A. Chunawalla
250 _a2nd rev.ed.
260 _a Mumbai
_b Himalaya Publishing House
_c 2006
650 _a Marketing Management
942 _cBOOK
999 _c939
_d939